Sports Quiz

Random Sports or MLB Quiz

MLB Lifers (Active) Quiz Stats

 Plays Quiz not verified by Sporcle

Challenge
Share
Tweet
Embed
Score 0/15 Timer 05:00
0 Plays Today
Team Player % Correct
BravesChipper Jones
99.4%
YankeesDerek Jeter
98.7%
YankeesMariano Rivera
96.9%
YankeesJorge Posada
96.2%
RockiesTodd Helton
96.2%
CardinalsAlbert Pujols
92.5%
PhilliesJimmy Rollins
90.6%
MarinersIchiro Suzuki
87.4%
Team Player % Correct
Red SoxJason Varitek
85.5%
RangersMichael Young
85.5%
CubsCarlos Zambrano
74.2%
White SoxMark Buehrle
74.2%
OriolesBrian Roberts
73.6%
TigersBrandon Inge
70.4%
TwinsMichael Cuddyer
61.6%

You're not logged in!

Compare scores with friends on all Sporcle quizzes.
Join for Free
OR
Log In

You Might Also Like...

Show Comments

Extras

Created Jul 7, 2011ReportNominate
Tags:Baseball Quiz, MLB Quiz, active, ESPN

Top Quizzes Today


Score Distribution

Your Account Isn't Verified!

In order to create a playlist on Sporcle, you need to verify the email address you used during registration. Go to your Sporcle Settings to finish the process.

Report this User

Report this user for behavior that violates our Community Guidelines.

Details: